000 02909nam0a2200409 4500
001 RU\NLR\BIBL_A\011770791
005 20180914152742.0
010 _a978-5-94338-900-9
_9105
021 _aRU
_bКН-П-18-049420
_9КН-П-18-3566
035 _a(NLR Aleph) 011770791
035 _a(RuMoRGB)009682260
090 _a11726567
_c11726567
100 _a20180817d2018 k y0rusy50 ca
101 0 _arus
_deng
102 _aRU
105 _a |||z|||100zy
200 1 _aСовременные технологии в российской и зарубежных системах образования
_eVII Международная научно-практическая конференция, 19-20 апреля 2018 г.
_eсборник статей
_fМинистерство образования и науки РФ, Финансовый университет при Правительстве Российской Федерации (Пензенский филиал), Нижегородский государственный университет им. Н.И. Лобачевского, Межотраслевой научно-информационный центр
_g[под редакцией д.э.н., проф. Ф.Е. Удалова и др.]
210 _aПенза
_cРИО ПГАУ
_d2018
215 _a95 с.
_cил., табл.
_d21
300 _aРез. англ.
320 _aБиблиогр. в конце ст.
606 1 _aОбразование
_yРоссийская Федерация
_jСъезды, совещания и т.п.
_2nlr_sh2
_3RU\NLR\AUTH\661375304
606 1 _aОбразование
_yЗарубежные страны
_jСъезды, совещания и т.п.
_2nlr_sh2
_3RU\NLR\AUTH\661375305
606 1 _aПедагогические технологии
_jСъезды, совещания и т.п.
_2nlr_sh2
_3RU\NLR\AUTH\661251519
610 0 _aобразование в России
610 0 _aобразование в зарубежных странах
686 1 _aЧ34(2Р)я431
686 1 _aЧ34(4/8)я431
702 1 _aУдалов
_bФ. Е.
_cд-р экон. наук
_f1936-
_gФедор Егорович
_3RU\NLR\AUTH\770149511
_4340
711 1 2 _a"Современные технологии в российской и зарубежных системах образования", международная научно-практическая конференция
_d7
_f2018
_eПенза
_3RU\NLR\AUTH\880480876
712 0 2 _aФинансовый университет при Правительстве Российской Федерации
_cМосква
_bПензенский филиал
_3RU\NLR\AUTH\8810232140
_4570
942 _cBOOK
980 _aNBR
980 _aNB